| 000 | 00531nam a2200193Ia 4500 | ||
|---|---|---|---|
| 005 | 20251020182554.0 | ||
| 008 | 200515s9999 xx 000 0 und d | ||
| 082 | _aR/69(03)/E24-CEP/III | ||
| 110 | _aEditores Técnicos Asociados | ||
| 245 | 0 | _aEnciclopedia de la Construcción : cálculos y ensayos. Estudio de los proyectos II | |
| 260 | _aBarcelona | ||
| 260 | _c1982 | ||
| 300 | _a1200 | ||
| 650 | _aABASTECIMIENTO DE AGUA | ||
| 650 | _aCONSTRUCCIONES METALICAS | ||
| 650 | _aLIB | ||
| 650 | _aPLASTICOS | ||
| 942 | _cLIB | ||
| 999 |
_c2827 _d2827 |
||